000 00622nam a2200217 i 4500
001 94270
003 ES-MaACL
005 20250907063056.0
007 t|
008 050427s1978 sp ||||1| spa d
020 _a84-279-4203-6
100 1 _aLópez Rodó, Laureano,
_d1920-2000
_973928
245 1 3 _aLa larga marcha hacia la Monarquía /
_cLaureano López Rodó.
250 _a[6ª ed.].
260 _aBarcelona :
_bNoguer,
_c1978.
300 _a693 p., 17 lám. ;
_c24 cm.
852 _aES-MaACL
_jA-8206
_bR.97434
852 _aES-MaACL
_jG-4670
_bR.131014
942 _2udc
999 _c94270
_d94270